000
00319nam a22001337a 4500
008
260414b ||||| |||| 00| 0 eng d
020
_a
9788779897700
041
_a
eng
080
_a
1.1
100
_a
30
101
_a
psikologji
245
_a
Scientology the Fundamentals of Thought
_c
L.Ron Hubbard
942
_2
udc
_c
BK
999
_c
60968
_d
60968